[Event "New York op"]
[Site "New York"]
[Date "1990.??.??"]
[Round "4"]
[White "Tukmakov, Vladimir B"]
[Black "Wedberg, Tom"]
[Result "1/2-1/2"]
[WhiteElo "2570"]
[BlackElo "2485"]

1.d4 Nf6 2.c4 e6 3.Nf3 c5 4.d5 d6 5.Nc3 exd5 6.cxd5 g6 7.e4 Bg7 8.Bd3 O-O
9.O-O Bg4 10.h3 Bxf3 11.Qxf3 Nbd7 12.Qd1 a6 13.a4 Re8 14.Re1 Rc8 15.Bf4 c4
16.Bf1 Nc5 17.Qc2 Qc7 18.Rad1 Nfd7 19.Bxc4 Nxa4 20.Qxa4 Nb6 21.Qb4 Nxc4 22.Rc1 Qd7
23.Qb3 Rc7 24.Nd1 Rec8 25.Qg3 Ne5 26.Ra1 Rc2 27.Qb3 R2c5 28.Qg3 Rb5 29.Re2 Nc4
30.Rc1 Rbc5 31.b3 Ne5 32.Rxc5 Rxc5 33.Be3 Qb5 34.Rd2 Rc1 35.Bd4 Qb4 36.Qe3 Rb1
37.Bb2 Nc4 38.bxc4 Bxb2 39.Qd3 Bg7 40.Kh2 Rc1 41.Ne3 a5 42.Rc2 Rxc2 43.Nxc2 Qc5
44.Kg3 a4 45.Na3 Bb2 46.Nc2 Qb6 47.Kf3 Qa5 48.Ke2 Bc3 49.Qg3 Be5 50.Qa3 b5
51.Kd3 bxc4+ 52.Kxc4 Qa6+ 53.Kb4 Qb6+ 54.Kxa4 Qxf2 55.Ne3 Qf4 56.Kb5 Qxe4
57.Qa8+ Kg7 58.Nc4 Qxg2 59.Nxe5 Qb2+ 60.Kc6 Qxe5 61.Qd8 f5 62.Qd7+ Kh6 63.Qe6 f4
64.Qxe5 dxe5 65.d6 f3 66.d7 f2 67.d8=Q f1=Q 68.Qh4+ Kg7 69.Qe7+ Qf7 70.Qxe5+ Qf6+
71.Kd5 Qxe5+ 72.Kxe5 Kf7 73.Kf4 Kf6 74.Kg4 h6 75.Kf4 g5+ 76.Kg4 Kg6 77.Kf3 Kf5
78.Kg3 h5 79.Kf3 Ke5 80.Ke3 Kd5 81.Kd3 Ke5  1/2-1/2

[Event "New York op"]
[Site "New York"]
[Date "1990.??.??"]
[Round "5"]
[White "Bonin, Jay R"]
[Black "Zaichik, Gennadi"]
[Result "1/2-1/2"]
[WhiteElo "2385"]
[BlackElo "2460"]

1.d4 Nf6 2.c4 e6 3.Nf3 c5 4.d5 d6 5.Nc3 exd5 6.cxd5 g6 7.g3 Bg7 8.Bg2 O-O
9.O-O Re8 10.Bf4 a6 11.a4 Qc7 12.Qd2 Nbd7 13.Rfc1 c4 14.Nd4 Nc5 15.Ra3 Bd7
16.a5 b5 17.axb6 Qxb6 18.Nc6 Nb3 19.Rxb3 cxb3 20.Bxd6 Bxc6 21.dxc6 Rac8 22.Nd5 Nxd5
23.Bxd5 Qd4 24.Qxd4 Bxd4 25.e4 Kg7 26.Kg2 f5 27.f4 fxe4 28.c7 e3 29.Bb7 Bxb2
30.Rb1 Bd4 31.Bxc8 Rxc8 32.Kf3 b2 33.Ke4 Bb6 34.Rxb2 Bxc7 35.Bxc7 Rxc7 36.Kxe3 a5
37.Ra2 Rc5  1/2-1/2

[Event "New York op"]
[Site "New York"]
[Date "1990.??.??"]
[Round "9"]
[White "Bonin, Jay R"]
[Black "Wedberg, Tom"]
[Result "1/2-1/2"]
[WhiteElo "2385"]
[BlackElo "2485"]

1.d4 Nf6 2.c4 e6 3.Nf3 c5 4.d5 d6 5.Nc3 exd5 6.cxd5 g6 7.Bg5 h6 8.Bh4 g5
9.Bg3 Nh5 10.Nd2 Nxg3 11.hxg3 Nd7 12.e3 a6 13.a4 Bg7 14.Qc2 Rb8 15.Nc4 Nb6
16.Qe4+ Kf8 17.Qc2 Nxc4 18.Bxc4 Qe7 19.Ra3  1/2-1/2

[Event "Paris-ch"]
[Site "Paris"]
[Date "1990.??.??"]
[Round "?"]
[White "Kinsman, Andrew PH"]
[Black "Foisor, Ovidiu"]
[Result "1-0"]
[WhiteElo "2340"]
[BlackElo "2455"]

1.d4 Nf6 2.Nf3 e6 3.c4 c5 4.d5 d6 5.Nc3 exd5 6.cxd5 g6 7.Bf4 a6 8.e4 Bg4
9.Qa4+ Nbd7 10.Nd2 b5 11.Qc2 Nh5 12.Be3 Nb6 13.a4 b4 14.Ncb1 a5 15.Nc4 Nxc4
16.Bxc4 Bg7 17.Bb5+ Bd7 18.Bxd7+ Qxd7 19.O-O O-O 20.Nd2 f5 21.f3 Rfe8 22.Nc4 b3
23.Qd3 fxe4 24.fxe4 Qe7 25.e5 Bxe5 26.Rae1 Bg7 27.Bd2 Qh4 28.Bc3 Rxe1 29.Rxe1 Rf8
30.g3 Qg5 31.Bxg7 Kxg7 32.Nxd6 Nf4 33.Qc3+ Kh6 34.Ne4 Qg4 35.Qe3 g5 36.Nf2 Nh3+
37.Nxh3 Qxh3 38.Qxc5 Qf5 39.Qd4 Qf3 40.d6 Qf6 41.Qxf6+ Rxf6 42.d7  1-0

[Event "Paris-ch"]
[Site "Paris"]
[Date "1990.??.??"]
[Round "?"]
[White "Fayard, Alain"]
[Black "Foisor, Ovidiu"]
[Result "0-1"]
[WhiteElo "2255"]
[BlackElo "2455"]

1.d4 Nf6 2.c4 e6 3.Nf3 c5 4.d5 exd5 5.cxd5 d6 6.Nc3 g6 7.Bg5 h6 8.Bf4 a6
9.a4 Bg7 10.Nd2 Nh5 11.Bg3 Nxg3 12.hxg3 Nd7 13.Nce4 Nb6 14.Qb3 c4 15.Qa3 O-O
16.Nxd6 c3 17.bxc3 Nxd5 18.e4 Nxc3 19.Bc4 Be6 20.Bxe6 fxe6 21.Nf3 g5 22.g4 Rf4
23.e5 Rxg4 24.Qxc3 Qxd6 25.O-O Rf8 26.Rfd1 Qb4 27.Qd3 Qe4 28.Kf1 Qxd3+ 29.Rxd3 Rgf4
30.Ra2 Rb4 31.Ke2 Rf5 32.Rd8+ Kh7 33.Rd7 g4 34.Nd4 Rxe5+ 35.Kd3 Re1 36.Kd2 Re4
37.Kd3 Rbxd4+  0-1

[Event "Paris-ch"]
[Site "Paris"]
[Date "1990.??.??"]
[Round "?"]
[White "Razuvaev, Yuri S"]
[Black "Badii, Madjid"]
[Result "1-0"]
[WhiteElo "2545"]
[BlackElo "2275"]

1.d4 Nf6 2.c4 c5 3.d5 e6 4.Nc3 exd5 5.cxd5 d6 6.Nf3 g6 7.g3 Bg7 8.Bg2 O-O
9.O-O a6 10.a4 Qc7 11.h3 Nbd7 12.e4 Re8 13.Re1 Rb8 14.Bf4 Nh5 15.Be3 b5 16.axb5 axb5
17.Bf1 c4 18.Ra7 Qd8 19.Nd4 Nc5 20.Nc6 Qb6 21.Qa1 Rb7 22.Ra5 Bxc3 23.bxc3 Bd7
24.Nb4 Nf6 25.f3 Qd8 26.Ra7 Qc7 27.Ra8 Rxa8 28.Qxa8+ Rb8 29.Qa3 Nh5 30.g4 Ng7
31.Ra1 Qd8 32.Ra2 Qe8 33.Bg2 Na4 34.Rc2 Qe5 35.Qc1 f5 36.Bd4 Qe7 37.exf5 gxf5
38.Qh6 Ne8 39.Bf1 Nc5 40.gxf5 Bxf5 41.Rg2+  1-0

[Event "World op"]
[Site "Philadelphia"]
[Date "1990.??.??"]
[Round "1"]
[White "Polyakin, Vladimir"]
[Black "Bonin, Jay R"]
[Result "0-1"]
[WhiteElo "2260"]
[BlackElo "2385"]

1.d4 Nf6 2.c4 e6 3.Nf3 c5 4.d5 exd5 5.cxd5 d6 6.Nc3 g6 7.h3 Bg7 8.e4 O-O
9.Bd3 b5 10.Bxb5 Nxe4 11.Nxe4 Qa5+ 12.Nfd2 Qxb5 13.Nxd6 Qd3 14.N2c4 Qxd1+
15.Kxd1 Ba6 16.Be3 Nd7 17.Kc2 Nb6 18.Nxb6 axb6 19.Rhe1 Rad8 20.Bf4 Rd7 21.Rad1 Bd4
22.Ne8 Rd8 23.Nc7 Bc8 24.Bh6 Bf5+ 25.Kc1 Bxf2 26.Re2 Bg3 27.Nb5 Rfe8 28.Rxe8+ Rxe8
29.d6 Re2 30.Rd2 Re1+ 31.Rd1 Rxd1+ 32.Kxd1 Bd7 33.a4 f6 34.Be3 Kf7 35.b4 cxb4
36.Bxb6 Bc6 37.Ke2 Ke8 38.Kd3 Bxg2 39.a5 Bxh3 40.a6 Bg2 41.a7 Kd7 42.Nc7 Bxd6
43.a8=Q Bxa8 44.Nxa8 Kc6 45.Bd4 f5 46.Kc4 h5 47.Nb6 h4 48.Nd5 h3 49.Bg1 g5
50.Nxb4+ Bxb4 51.Kxb4 g4 52.Bh2 Kd5 53.Kc3 Ke4 54.Kd2 Kf3  0-1

[Event "URS-ch (Women)"]
[Site "Podolsk"]
[Date "1990.??.??"]
[Round "2"]
[White "Tazhieva, Lyazzat"]
[Black "Erneste, Inguna"]
[Result "1/2-1/2"]
[WhiteElo "2200"]
[BlackElo "2190"]

1.d4 Nf6 2.Nf3 e6 3.c4 c5 4.d5 exd5 5.cxd5 d6 6.Nc3 g6 7.e4 Bg7 8.Bd3 O-O
9.O-O a6 10.a4 Bg4 11.h3 Bxf3 12.Qxf3 Nbd7 13.Qd1 Re8 14.Be3 Qc7 15.Re1 Rab8
16.a5 b5 17.axb6 Rxb6 18.Na4 Rbb8 19.f3 a5 20.Bd2 c4 21.Rc1 Ne5 22.Bf1 Qa7+
23.Be3 Qa6 24.b3 Nd3 25.Bxd3 cxd3 26.Rc6 Qb5 27.Rxd6 Nh5 28.Rb6 Rxb6 29.Bxb6 Be5
30.Be3 Rc8 31.Qb1 Rc2 32.Rc1 Ng3 33.Rd1 f5 34.Rd2 Ne2+ 35.Rxe2 Rxe2 36.Qc1 Rc2
37.Qe1 f4 38.Bf2 d2  1/2-1/2

[Event "RLPF-chA"]
[Site "Polch"]
[Date "1990.??.??"]
[Round "?"]
[White "Wieder, Heiner"]
[Black "Christoffel, Ulrich"]
[Result "1/2-1/2"]
[WhiteElo "1990"]
[BlackElo "2080"]

1.d4 Nf6 2.c4 c5 3.d5 e6 4.Nc3 exd5 5.cxd5 d6 6.Nf3 g6 7.e4 Bg7 8.Be2 O-O
9.O-O Re8 10.Nd2 Na6 11.f3 Nc7 12.Nc4 b5 13.Ne3 Rb8 14.a4  1/2-1/2

[Event "RLPF-chB"]
[Site "Polch"]
[Date "1990.??.??"]
[Round "?"]
[White "Michels, Achim"]
[Black "Masendorf, Daniel"]
[Result "1-0"]
[WhiteElo "1955"]
[BlackElo "1620"]

1.d4 Nf6 2.Nf3 c5 3.d5 d6 4.c4 e6 5.Nc3 exd5 6.cxd5 a6 7.a4 b6 8.e4 Nbd7
9.Bf4 Qc7 10.Be2 g6 11.Nd2 Ne5 12.Bg5 Bg7 13.f4 Ned7 14.O-O O-O 15.Nc4 Re8
16.e5 dxe5 17.fxe5 Nh5 18.d6 Qb8 19.Bxh5 gxh5 20.Qxh5 Nxe5 21.Nxe5 Rxe5 22.Qxf7+  1-0

[Event "Bohemians-B"]
[Site "Prague"]
[Date "1990.??.??"]
[Round "?"]
[White "Szymczak, Zbigniew"]
[Black "Fabisch, Christian"]
[Result "1-0"]
[WhiteElo "2345"]
[BlackElo "2235"]

1.d4 c5 2.d5 Nf6 3.c4 e6 4.Nc3 exd5 5.cxd5 d6 6.Nf3 g6 7.Bf4 Bg7 8.Qa4+ Bd7
9.Qb3 Qc7 10.e4 O-O 11.Nd2 Nh5 12.Be3 f5 13.exf5 gxf5 14.Be2 f4 15.Bxc5 Na6
16.Ba3 f3 17.Bxf3 Rae8+ 18.Nce4 Nf6 19.O-O Nxe4 20.Nxe4 Be5 21.Rac1 Qb8 22.Rfe1 b6
23.Qd1 Nc5 24.Bxc5 bxc5 25.Bg4 Bxg4 26.Qxg4+ Kh8 27.b3 Qb7 28.Qh5 Qxd5 29.Nf6 Rxf6
30.Qxe8+ Kg7 31.Qe7+ Kg6 32.Rcd1 Qc6 33.Rd3 Qa6 34.Rh3 h6 35.Qe8+ Kh7 36.Rg3  1-0

[Event "Prague Metro"]
[Site "Prague"]
[Date "1990.??.??"]
[Round "11"]
[White "Dolezal, Martin"]
[Black "Hausner, Ivan"]
[Result "0-1"]
[WhiteElo "2315"]
[BlackElo "2440"]

1.d4 Nf6 2.Nf3 c5 3.d5 e6 4.c4 exd5 5.cxd5 d6 6.Nc3 g6 7.Nd2 Bg7 8.Nc4 O-O
9.Bg5 b6 10.e3 Ba6 11.a4 Qe7 12.Qc2 Nbd7 13.Nb5 h6 14.Bf4 Nxd5 15.Bxd6 Qh4
16.Bxf8 Rxf8 17.Be2 Bb7 18.O-O Ne5 19.Nbd6 Nb4 20.Qd1 Bc6 21.f4 Nxc4 22.Bxc4 Qe7
23.Nxf7 Rxf7 24.Qb3 Kf8 25.Bxf7 Qxf7 26.Qxf7+ Kxf7 27.f5 Bxb2 28.fxg6+ Kxg6
29.Rad1 Bxa4 30.Rd6+ Kg7 31.Rf4 h5 32.Re6 Bb3 33.Re7+ Kg6 34.Rxa7 Nd5 35.Rf3 c4
36.e4 Nf6 37.Rg3+ Ng4 38.h3 Be5 39.Rf3 Bd4+ 40.Kh1 Nf2+ 41.Kh2 Nxe4 42.Re7 Ng5
43.Rf4 Bc5 44.Rd7 c3 45.g3 c2 46.Rf1 Nf3+ 47.Kg2 Nd4 48.Kf2 Be6 49.Rc7 Nb3+  0-1

[Event "CRO-Cup"]
[Site "Pula"]
[Date "1990.??.??"]
[Round "?"]
[White "Milovanovic, Rade"]
[Black "Hulak, Krunoslav"]
[Result "0-1"]
[WhiteElo "2440"]
[BlackElo "2560"]

1.d4 Nf6 2.c4 e6 3.Nf3 c5 4.d5 exd5 5.cxd5 d6 6.Nc3 g6 7.Bf4 a6 8.e4 b5 9.Qe2 Be7
10.e5 dxe5 11.Bxe5 Nbd7 12.O-O-O Nxe5 13.Nxe5 Qd6 14.Nc6 Kf8 15.Nxe7 Qxe7
16.d6 Qxe2 17.Bxe2 Bb7 18.Bf3 Bxf3 19.gxf3 Kg7 20.Rhe1 Rhe8 21.Rxe8 Rxe8
22.a4 b4 23.Ne4 Nd7 24.Rd5 f5 25.Nd2 Re1+ 26.Kc2 Kf6 27.Nc4 Re2+ 28.Rd2 Rxd2+
29.Kxd2 Ke6 30.Kd3 Nf6 31.Na5 Kxd6 32.Kc4 Nd7 33.Nb7+ Kc6 34.Nd8+ Kc7 35.Nf7 Nb6+
36.Kxc5 Nxa4+ 37.Kxb4 Nxb2 38.Ng5 h6 39.Nf7 Nd3+ 40.Ka5 Kd7 41.Kxa6 Ke7 42.Nxh6 Kf6
43.Kb5 Kg7 44.Nxf5+ gxf5 45.Kc4 Ne5+ 46.Kd5 Nxf3 47.Ke6 Kg6 48.h3 Kg5  0-1

[Event "Rome op"]
[Site "Rome"]
[Date "1990.??.??"]
[Round "2"]
[White "Sarno, Spartaco"]
[Black "Suba, Mihai"]
[Result "1-0"]
[WhiteElo "2365"]
[BlackElo "2505"]

1.d4 Nf6 2.c4 e6 3.Nf3 c5 4.d5 d6 5.Nc3 exd5 6.cxd5 g6 7.h3 Bg7 8.e4 O-O
9.Bd3 Na6 10.O-O Nc7 11.a4 a6 12.Bg5 h6 13.Be3 Re8 14.Qd2 Kh7 15.Rab1 b5
16.axb5 Nxb5 17.Nxb5 axb5 18.e5 dxe5 19.Bxb5 Bd7 20.Bc6 Rc8 21.Bxc5 e4 22.Nd4 Bxc6
23.dxc6 Nh5 24.Rfd1 Qh4 25.b4 Nf4 26.Ne2 Nd3 27.Be3 Rxc6 28.b5 Rcc8 29.Nf4 Ne5
30.Qe2 Qe7 31.Bd4 f5 32.b6 Qf7 33.b7 Rb8 34.Qa6 g5 35.Ne2 Re7 36.Qd6 Qe8
37.Ng3 Rf7 38.Qa6 Qe7 39.Nh5 Bf8 40.Rb5 Nd3 41.Nf6+ Rxf6 42.Qxf6 Qxf6 43.Bxf6 Bc5
44.Kf1 Kg6 45.Be5 Nxe5 46.Rxc5 Kf6 47.Rd6+ Ke7 48.Rxh6 Nd7 49.Rxf5 Rxb7 50.Rxg5 Kf7
51.g4 Nf8 52.Rf5+ Kg7 53.Rc6 Re7 54.Ke2 Ne6 55.Ke3 Nd8 56.Rc4 Nb7 57.Rxe4  1-0

[Event "UKR-ch"]
[Site "Simferopol"]
[Date "1990.??.??"]
[Round "?"]
[White "Panchenko, Alexandar G"]
[Black "Kushch, Nikolai"]
[Result "0-1"]
[WhiteElo "2375"]
[BlackElo "2300"]

1.d4 Nf6 2.c4 e6 3.Nf3 c5 4.d5 exd5 5.cxd5 d6 6.Nc3 g6 7.e4 Bg7 8.Bd3 Bg4
9.Qa4+ Nbd7 10.Nd2 O-O 11.f3 Ne5 12.Be2 Bd7 13.Qc2 Nh5 14.g3 f5 15.exf5 Bxf5
16.Nde4 Bxe4 17.fxe4 a6 18.a4 Qd7 19.Be3 Nf3+ 20.Bxf3 Rxf3 21.Bd2 Raf8 22.a5 Nf6
23.e5 dxe5 24.O-O-O Ng4 25.Ne4 Qxd5 26.Qa4 c4 27.Rhe1 Rd3 28.Bb4 Rd8 29.Bd6 Rd4
30.Qc2 Qc6 31.h3 Bh6+ 32.Kb1 Ne3 33.Nf6+ Kh8 34.Rxe3 Rxd1+ 35.Qxd1 Rxd6  0-1

[Event "Stockholm"]
[Site "Stockholm"]
[Date "1990.??.??"]
[Round "?"]
[White "Cramling, Pia"]
[Black "Wedberg, Tom"]
[Result "1/2-1/2"]
[WhiteElo "2505"]
[BlackElo "2480"]

1.d4 Nf6 2.c4 e6 3.Nf3 c5 4.d5 d6 5.Nc3 exd5 6.cxd5 g6 7.e4 Bg7 8.h3 O-O
9.Bd3 Re8 10.O-O c4 11.Bxc4 Nxe4 12.Nxe4 Rxe4 13.Bg5 Bf6 14.Bd3 Re8 15.Qa4 Nd7
16.Qh4 a6 17.Rfe1 Rxe1+ 18.Rxe1 b5 19.Re4 Bb7 20.Rf4 Kg7 21.Qh6+ Kg8 22.Qh4 Kg7
23.Qh6+ Kg8 24.Qh4  1/2-1/2

[Event "Toronto2"]
[Site "Toronto"]
[Date "1990.??.??"]
[Round "?"]
[White "Kanani, Saifudin"]
[Black "Findlay, Ian T"]
[Result "1/2-1/2"]
[WhiteElo "2245"]
[BlackElo "2345"]

1.d4 Nf6 2.c4 c5 3.d5 e6 4.Nc3 exd5 5.cxd5 d6 6.Nf3 g6 7.Bg5 Bg7 8.Nd2 h6
9.Bh4 a6 10.Qa4+ Nbd7 11.e4 O-O 12.Be2 Re8 13.O-O b5 14.Qc2 g5 15.Bg3 Ne5
16.Rae1 Bd7 17.Kh1 Rc8 18.Nd1 c4 19.f4 gxf4 20.Rxf4 Qe7 21.Rff1 Ng6 22.Bf3 h5
23.Ne3 Ng4 24.Bxg4 Bxg4 25.Nf5 Bxf5 26.exf5 Ne5 27.f6 Bxf6 28.Qf5 Bg7 29.Bxe5 Bxe5
30.Nf3 Qf8 31.Nxe5 Rxe5 32.Rxe5 dxe5 33.Qxe5 Qg7 34.Qxh5 b4 35.d6 Qg6 36.Qd5 c3
37.bxc3 bxc3 38.d7 Rd8 39.Qa5 Rxd7 40.Qxc3 Qd3 41.Qxd3 Rxd3 42.h3 Ra3 43.Rf2 Kg7
44.Kg1 Kg6 45.Kf1 f5 46.Rc2  1/2-1/2

[Event "Vienna op"]
[Site "Vienna"]
[Date "1990.??.??"]
[Round "7"]
[White "Roeder, Mathias"]
[Black "Gavrikov, Viktor"]
[Result "1/2-1/2"]
[WhiteElo "2445"]
[BlackElo "2580"]

1.d4 Nf6 2.c4 e6 3.Nf3 c5 4.d5 exd5 5.cxd5 d6 6.Nc3 g6 7.Bf4 a6 8.a4 Qe7
9.g3 Nbd7 10.h3 Rb8 11.a5 Bg7 12.Bg2 O-O 13.O-O Nh5 14.Bg5 f6 15.Bd2 f5 16.Qc1 Ne5
17.Nxe5 Qxe5 18.f4 Qe7 19.Kh2 b5 20.axb6 Rxb6 21.e4 fxe4 22.Ra4 Nf6 23.Nxe4 Rxb2
24.Re1 Nxe4 25.Raxe4 Qf6 26.Re7 Bh8 27.f5 Qxf5 28.Rf1 Qd3 29.Rxf8+ Kxf8 30.Qe1 Qxd2
31.Re8+ Kg7 32.Qe7+ Kh6 33.Qh4+  1/2-1/2

[Event "Warsaw Legion op"]
[Site "Warsaw"]
[Date "1990.??.??"]
[Round "?"]
[White "Czerwonski, Aleksander"]
[Black "Dukaczewski, Piotr"]
[Result "1-0"]
[WhiteElo "2350"]
[BlackElo "2210"]

1.d4 Nf6 2.c4 e6 3.Nf3 c5 4.d5 exd5 5.cxd5 d6 6.Nc3 g6 7.Bg5 Bg7 8.Nd2 a6
9.e3 O-O 10.a4 h6 11.Bh4 Nbd7 12.Be2 Re8 13.O-O Rb8 14.Bg3 Ne5 15.h3 b5 16.axb5 axb5
17.Bxb5 Bd7 18.Be2 g5 19.f4 gxf4 20.exf4 Ng6 21.Nc4 Ne4 22.Nxe4 Rxe4 23.Nxd6 Rd4
24.Qc2 Rxd5 25.Nxf7 Kxf7 26.Bc4 Ne7 27.Rae1 Bf5 28.Qe2 Bf6 29.Qf3 Rxb2 30.Rxe7+ Kxe7
31.Bxd5 Qa5 32.Qh5 Qc3 33.Qxf5 Bd4+ 34.Kh2  1-0

[Event "Warsaw Legion op"]
[Site "Warsaw"]
[Date "1990.??.??"]
[Round "?"]
[White "Nisman, Boris I"]
[Black "Dukaczewski, Piotr"]
[Result "1-0"]
[WhiteElo "2365"]
[BlackElo "2210"]

1.d4 Nf6 2.c4 e6 3.Nf3 c5 4.d5 exd5 5.cxd5 d6 6.Nc3 g6 7.Bg5 Bg7 8.Nd2 a6
9.a4 h6 10.Bh4 g5 11.Bg3 Nh5 12.Nc4 Nxg3 13.hxg3 Bf5 14.Qb3 O-O 15.Qb6 Nd7
16.Qxd8 Rfxd8 17.Nxd6 Bg6 18.e3 Rab8 19.Nc4 b5 20.Na5 b4 21.Nd1 Ne5 22.f4 Nd3+
23.Bxd3 Bxd3 24.Nc6 Be4 25.Rc1 Bf8 26.Nf2 Bxd5 27.Nxd8 Rxd8 28.Rd1 Rd7 29.Ng4 Bg7
30.Ne5 Bxe5 31.fxe5 Kg7 32.Kf2 a5 33.e4 Bc6 34.Rxd7 Bxd7 35.Rc1 Bxa4 36.Rxc5 Bd7
37.Rxa5 Be6 38.Ra6 h5 39.Ke3 Kg6 40.Kd4 g4 41.Kc5 b3 42.Rxe6+ fxe6 43.Kd6 Kg5
44.Kxe6 h4 45.gxh4+ Kxh4 46.Kf5  1-0

[Event "Wiesbaden op"]
[Site "Wiesbaden"]
[Date "1990.??.??"]
[Round "?"]
[White "Kallai, Gabor"]
[Black "Womacka, Mathias"]
[Result "1-0"]
[WhiteElo "2420"]
[BlackElo "2405"]

1.d4 Nf6 2.c4 e6 3.Nf3 c5 4.d5 exd5 5.cxd5 d6 6.Nc3 g6 7.Bf4 Bg7 8.Qa4+ Bd7
9.Qb3 Qc7 10.e4 O-O 11.Nd2 Nh5 12.Be3 f5 13.exf5 gxf5 14.Be2 Be8 15.Nf3 h6
16.O-O a6 17.a4 Nd7 18.Rfe1 Rb8 19.a5 Qd8 20.Bf1 f4 21.Bd2 Ne5 22.Ne4 Nxf3+
23.Qxf3 Bxb2 24.Rab1 Bd4 25.Rb6 Qh4 26.Bc3 Ng7 27.Bxd4 cxd4 28.Nxd6 Bd7 29.Qe4 Nf5
30.Nxf5 Bxf5 31.Qxd4 Rf7 32.g3 Qg5 33.h4 Qg4 34.Rxh6 Rg7 35.d6  1-0

[Event "EU-ch U20"]
[Site "Aalborg"]
[Date "1991.??.??"]
[Round "?"]
[White "Van Gisbergen, Stan"]
[Black "Jepson, Christian"]
[Result "1-0"]
[WhiteElo "2280"]
[BlackElo "2235"]

1.d4 Nf6 2.c4 e6 3.Nf3 c5 4.d5 exd5 5.cxd5 d6 6.Nc3 g6 7.e4 Bg7 8.h3 O-O
9.Bd3 Na6 10.O-O Nc7 11.a4 a6 12.a5 Bd7 13.Bf4 Bb5 14.Re1 Bxd3 15.Qxd3 Re8
16.Nd2 Nh5 17.Bh2 Be5 18.Bxe5 Rxe5 19.Nc4 Re8 20.Qe3 Qf6 21.e5 dxe5 22.Qxc5 Nb5
23.Nxb5 axb5 24.Qxb5 Nf4 25.Ne3 Rab8 26.Rac1 Qg5 27.Kh2 e4 28.Rc3 Re5 29.Rd1 Nxh3
30.gxh3 Qf4+ 31.Kg1 Rg5+ 32.Ng2 h5 33.Qe2 Qe5 34.Qe3 Rd8 35.Qd4 Qe8 36.d6 Qd7
37.Qxe4 Rxa5 38.Rcd3 Re8 39.Qf3 Rf5 40.Qg3 Kh7 41.Re3  1-0

[Event "EU-ch U20"]
[Site "Aalborg"]
[Date "1991.??.??"]
[Round "?"]
[White "Chloupek, Stanislav"]
[Black "Ciemniak, Robert"]
[Result "0-1"]
[WhiteElo "2365"]
[BlackElo "2230"]

1.d4 Nf6 2.c4 c5 3.d5 e6 4.Nc3 exd5 5.cxd5 d6 6.Nf3 g6 7.g3 Bg7 8.Bg2 O-O
9.O-O Na6 10.Nd2 Nc7 11.Nc4 Rb8 12.Bf4 Nce8 13.a4 Nh5 14.Bd2 f5 15.Qc1 f4
16.Ne4 Bf5 17.Bc3 Bh6 18.Qe1 Qe7 19.Ned2 Nc7 20.e4 fxe3 21.fxe3 Bd3 22.Rxf8+ Rxf8
23.b3 Re8 24.Rc1 Nf6 25.Bxf6 Qxf6 26.Qf2 Qe7 27.Re1 a6 28.a5 Nb5 29.Bf1 Bc2
30.Rc1 Na3 31.Ra1 Nxc4 32.Nxc4 Bxb3 33.e4 Bg7 34.Kg2 Bd4 35.Qf3 Bc2 36.e5 Rf8
37.Qg4 Rf2+ 38.Kh1 Bf5 39.Qd1  0-1

[Event "Andorra op"]
[Site "Andorra"]
[Date "1991.??.??"]
[Round "?"]
[White "Zlatilov, Ivailo"]
[Black "Palkovi, Jozsef"]
[Result "1/2-1/2"]
[WhiteElo "2365"]
[BlackElo "2460"]

1.d4 Nf6 2.Nf3 e6 3.c4 c5 4.d5 exd5 5.cxd5 d6 6.Nc3 g6 7.Bf4 a6 8.e4 b5 9.Qe2 Ra7
10.e5 dxe5 11.Bxe5 Re7 12.d6 Qxd6 13.Bxd6 Rxe2+ 14.Bxe2 Bxd6 15.O-O Bb7 16.a4 b4
17.Nb1 Nc6 18.Nbd2 O-O 19.Nc4 Bb8 20.Rad1 a5 21.Nd6 Ba8 22.Bc4 h6 23.Rfe1 Kg7
24.Bb5 Bc7 25.Bf1 Bb6 26.Bc4 Nd4 27.Ne5 Bd5 28.Bxd5 Nxd5 29.Nd7 Rd8 30.Nxb6 Nxb6
31.Nb7 Rd5 32.Nxa5 Nxa4 33.Nc4 Rd8 34.Kf1 Rb8 35.Ra1 Nb6 36.Nxb6 Rxb6 37.Ra7 Rf6
38.Rc1 Ne6 39.Rd1 Nd4 40.Rc7 Ne6 41.Rc6 Rf5 42.Rd7 Kf6 43.Ra6 g5 44.h3 h5  1/2-1/2

[Event "AUT-chT"]
[Site "?"]
[Date "1991.??.??"]
[Round "?"]
[White "Wohlfahrt, Herbert J"]
[Black "Singer, Christoph"]
[Result "1-0"]
[WhiteElo "2250"]
[BlackElo "2315"]

1.d4 Nf6 2.Nf3 c5 3.d5 e6 4.c4 exd5 5.cxd5 d6 6.Nc3 g6 7.e4 Bg7 8.h3 O-O
9.Bd3 b5 10.Bxb5 Nxe4 11.Nxe4 Qa5+ 12.Nfd2 Qxb5 13.Nxd6 Qa6 14.N2c4 Nd7 15.O-O Nb6
16.Nxb6 axb6 17.Nxc8 Raxc8 18.d6 Rfd8 19.Bg5 Rd7 20.Qd5 Bf8 21.Bf4 Bxd6 22.Bxd6 b5
23.Rfd1 Rc6 24.Qe5 Rdxd6 25.Rxd6 Rxd6 26.Qxc5 Rd2 27.Re1 Qd6 28.Qxd6 Rxd6
29.Re2 Rd5 30.g3 b4 31.Kg2 Ra5 32.b3 Kg7 33.Kf3 Kf6 34.Ke4 h5 35.h4 Rc5 36.Kd4 Rc7
37.Kd5 Rc8 38.Re4 Rd8+ 39.Kc5 Rd2 40.Kxb4 Rxa2 41.Rf4+ Ke6 42.Kb5 f6 43.b4 g5
44.hxg5 fxg5 45.Rf8 Rd2 46.Ka5 h4 47.gxh4 gxh4 48.Rh8 Rxf2 49.Rxh4 Kd7 50.Rc4 Ra2+
51.Kb6 Ra1 52.Kb7 Rb1 53.Rd4+ Ke6 54.Kc6 Ke7 55.b5 Rc1+ 56.Kb7 Rc2 57.b6 Ra2
58.Kb8 Rb2 59.b7 Rc2 60.Ka7 Ra2+ 61.Kb6 Rb2+ 62.Kc6 Rc2+ 63.Kb5  1-0

[Event "URS-chT"]
[Site "Azov"]
[Date "1991.??.??"]
[Round "?"]
[White "Petrosian, Arshak B"]
[Black "Guseinov, Aidyn"]
[Result "0-1"]
[WhiteElo "2505"]
[BlackElo "2375"]

1.d4 Nf6 2.c4 e6 3.Nf3 c5 4.d5 exd5 5.cxd5 d6 6.Nc3 g6 7.Bf4 a6 8.Nd2 b5
9.a4 Nh5 10.Be3 b4 11.Nce4 Nd7 12.Nc4 Ndf6 13.Nxf6+ Nxf6 14.g3 a5 15.Bg2 Ba6
16.Qc2 Bg7 17.Bf4 Bxc4 18.Qxc4 O-O 19.Rd1 Nd7 20.b3 Bc3+ 21.Kf1 Be5 22.Bc1 Nb6
23.Qb5 Qc7 24.Be3 Rfb8 25.Qc6 Qd8 26.Bh3 Ra7 27.f4 Bc3 28.Bf2 Na8 29.e4 f5
30.Bxc5 dxc5 31.exf5 Qc8 32.Qe6+ Qxe6 33.fxe6 Bd4 34.d6 Ra6 35.d7 Kf8 36.Kg2 Ke7
37.Rhe1 Nc7 38.Re4 Rbb6 39.Rde1 Rd6 40.Kf3 Rac6 41.f5 Bf6 42.g4 Rd3+ 43.R1e3 Rxe3+
44.Rxe3 c4 45.bxc4 Rxc4 46.Bf1 Rc3 47.Rxc3 bxc3 48.Bd3 gxf5 49.gxf5 Nd5 50.Be4 Nb4  0-1

[Event "Bacolod"]
[Site "Bacolod"]
[Date "1991.??.??"]
[Round "9"]
[White "Mascarinas, Rico"]
[Black "Antonio, Rogelio Jr"]
[Result "0-1"]
[WhiteElo "2410"]
[BlackElo "2490"]

1.d4 Nf6 2.c4 c5 3.d5 e6 4.Nc3 exd5 5.cxd5 d6 6.Nf3 g6 7.e4 a6 8.a4 Bg4 9.Be2 Bxf3
10.Bxf3 Nbd7 11.Bf4 Qe7 12.O-O Bg7 13.Re1 O-O 14.Qd2 Rfe8 15.h3 h5 16.Be2 Nh7
17.Bg3 Bd4 18.Bf1 h4 19.Bf4 Qf6 20.Ra3 Ne5 21.Rb3 Re7 22.Nd1 Rc8 23.Kh1 Rec7
24.Be3 Bxe3 25.Qxe3 g5 26.Be2 c4 27.Rb6 Nf8 28.Qa3 Rd8 29.Kg1 Nfg6 30.Qc3 Nf4
31.Ne3 Qg6 32.Nf5 Nxd5 33.exd5 Qxf5 34.Bh5 Re7 35.Re3 Qb1+ 36.Kh2 Qf5 37.Kg1 Rdd7
38.Qd4 Qf6 39.Qc3 Qf4 40.Qc2 Nd3 41.Qe2 Kf8 42.Qf3 Qd4 43.a5 Rxe3 44.fxe3 Qe5
45.Bg6 Kg7 46.Bf5 Rc7 47.Qe4 Kf6 48.Qf3 Qxf5  0-1

[Event "JUG-ch"]
[Site "Banja Vrucica"]
[Date "1991.??.??"]
[Round "?"]
[White "Blagojevic, Dragisa"]
[Black "Brkljaca, Ante"]
[Result "1-0"]
[WhiteElo "2425"]
[BlackElo "2420"]

1.d4 Nf6 2.c4 e6 3.Nf3 c5 4.d5 exd5 5.cxd5 d6 6.Nc3 a6 7.a4 g6 8.e4 Bg4 9.Be2 Bg7
10.Nd2 Bxe2 11.Qxe2 O-O 12.Nc4 Ne8 13.Bf4 Qc7 14.a5 Nd7 15.Na4 Rd8 16.O-O Bd4
17.Rac1 Ndf6 18.Bg5 Qe7 19.Rce1 Kg7 20.Nc3 h6 21.Bh4 Nc7 22.Kh1 Nb5 23.f4 Bxc3
24.bxc3 Qd7 25.e5 Nxd5 26.Bxd8 Rxd8 27.exd6 Nxd6 28.Qe5+ Nf6 29.Rd1 Nxc4
30.Rxd7 Rxd7 31.Qxc5 Nd2 32.Re1 Nde4 33.Qa7 Rc7 34.h3 Nxc3 35.Qd4 Nb5 36.Qe5 Rd7
37.g4 Rd5 38.Qb2 g5 39.fxg5 Rxg5 40.Rf1 Rg6 41.h4 Nd6 42.Rxf6  1-0

[Event "CHN-CIS"]
[Site "Beijing"]
[Date "1991.??.??"]
[Round "?"]
[White "Ambarcumjan, Armen"]
[Black "Wang Zili"]
[Result "0-1"]
[WhiteElo "2345"]
[BlackElo "2495"]

1.d4 Nf6 2.Nf3 c5 3.d5 e6 4.c4 exd5 5.cxd5 d6 6.Nc3 g6 7.e4 Bg7 8.h3 O-O
9.Bd3 b5 10.Nxb5 Re8 11.Nd2 Nxd5 12.O-O Nf4 13.Nc4 Nxd3 14.Qxd3 Ba6 15.a4 Nc6
16.Qxd6 Qxd6 17.Ncxd6 Re7 18.Bg5 Rd7 19.Rac1 Nd4 20.Rfe1 Ne6 21.Be3 Bxb2
22.Rc2 Be5 23.Nc4 Bg7 24.e5 Rd5 25.f4 Bf8 26.Ncd6 Bxb5 27.Nxb5 Rd3 28.Rc3 Rad8
29.Rec1 a6 30.Na3 Rxc3 31.Rxc3 Rd1+ 32.Kh2 Ra1 33.a5 h5 34.Nc4 h4 35.f5 gxf5
36.Bf2 Be7 37.Nd6 Bg5 38.Nxf5 Bf4+ 39.g3 Bxe5 40.Re3 hxg3+ 41.Bxg3 Ra2+ 42.Kh1 Bd4
43.Re4 Rxa5 44.Bd6 Ra1+ 45.Kh2 Ra2+ 46.Kh1 Bf6 47.Ne7+ Bxe7 48.Bxe7 a5 49.h4 Kh7
50.Rc4 Kg6 51.Bxc5 Nxc5 52.Rxc5 a4 53.h5+ Kh6 54.Ra5 a3  0-1

[Event "Belgorod-B"]
[Site "Belgorod"]
[Date "1991.??.??"]
[Round "?"]
[White "Petrosian, Karen"]
[Black "Jurkovic, Ante"]
[Result "1-0"]
[WhiteElo "2275"]
[BlackElo "2325"]

1.d4 Nf6 2.c4 c5 3.d5 e6 4.Nc3 exd5 5.cxd5 d6 6.Nf3 g6 7.g3 Bg7 8.Bg2 O-O
9.O-O a6 10.a4 Nbd7 11.Bf4 Qe7 12.h3 Ne8 13.Bg5 Bf6 14.Bh6 Bg7 15.Bg5 f6
16.Bd2 Rb8 17.Rb1 Ne5 18.Nxe5 Qxe5 19.f4 Qe7 20.e4 Bd7 21.f5 Nc7 22.b4 b6
23.Ne2 gxf5 24.exf5 Bxa4 25.Qxa4 Qxe2 26.Bf4 Nb5 27.Rbe1 Qd3 28.bxc5 bxc5
29.Qxa6 Ra8 30.Qc6 Ra2 31.Rf2 Rxf2 32.Kxf2 Nd4 33.Qb7 Qc2+ 34.Kf1 Qd3+ 35.Kf2 Qc2+
36.Kf1 Nxf5 37.Be4 Qc4+ 38.Kf2 Nd4 39.Bxd6 Re8 40.Qb1 Nb5 41.Bxh7+  1-0